000 00772nam a22002177a 4500
005 20081020104019.0
008 081020t xxu||||| |||| 00| 0 eng d
010 _aENG-84128
020 _a8183240615
020 _c595.00 (hb)
035 _aEN-67661
082 _a331.31
100 _aChakraborty, Sudip
245 _aChild labour in rural context:
_bconcern, causes and cure /
_cby Sudip Chakraborty
260 _aNew Delhi
_bMittal Publications
260 _c2006
300 _axi,278p
_c22cm
500 _aIncludes bibliographical references and index
942 _2ddc
_cEN
_h331.31
_mCHA
999 _c17092
_d17092